E-Teens 8: English student's book

Guardat en:
Dades bibliogràfiques
Autors principals: Curwen, Hilda (Autor), Pontón, Susana (Autor)
Format: Llibre
Idioma:anglès
Publicat: Santiago Ediciones SM Chile S. A 2017
Edició:1a. ed
Matèries:
Etiquetes: Afegir etiqueta
Sense etiquetes, Sigues el primer a etiquetar aquest registre!

MARC

LEADER 00000cam a2200000 a 4500
001 UCD9810
003 CL-VaPUC
008 170709e20170000cl |||||||||||||||||eng|d
020 |a 9789563499650 
082 0 4 |a 372.6521  |b CUR  |2 21 
100 0 |a Curwen, Hilda  |e author  |9 593543 
700 0 |a Pontón, Susana  |e author  |9 593544 
245 1 0 |a E-Teens 8: English student's book 
250 |a 1a. ed 
300 |a 191 p 
942 |c BK 
945 |d 20170709 17:01:00  |a dcastane 
260 |a Santiago  |b Ediciones SM Chile S. A  |c 2017 
650 0 |a Enseñanza de idiomas  |9 339820 
650 0 |a Enseñanza del inglés  |9 367340 
650 0 |a Métodos de enseñanza  |9 270413 
650 0 |a Libros de texto  |9 270019 
583 |a last modification  |c 20170824 03:19:40  |k Rodrigo Vera 
999 |c 368829  |d 368827 
952 |0 0  |1 0  |3 erb  |4 0  |6 372_652100000000000_CUR_2017  |7 0  |8 A  |9 484272  |a BIBEDU  |b BIBEDU  |i 540598K  |o 372.6521 CUR 2017  |p 540598K  |r 2019-11-24  |w 2019-11-24  |y BK  |z Catalogado en:20170709  |k EPE